| 000 | 01286nam a2200313 c 4500 | ||
|---|---|---|---|
| 003 | BLK | ||
| 005 | 20240624115350.0 | ||
| 008 | 180409b bul|||||r ||||||| ||bul|| | ||
| 010 | _aKNG00130981000 | ||
| 040 | _aBLK | ||
| 041 |
_aBUL _cBUL |
||
| 080 |
_aЛатино-американска литература _b821.134.2(7/8) _x-32 _z821.134.2(7/8)-32 |
||
| 700 | 1 |
_aБитев, Жак _eпрев. от исп. _9319332 |
|
| 700 |
_aЧерняев, Христо Иванов _d1930 - 2021 _gБългарски поет, публицист и писател _9365420 |
||
| 139 |
_aБез небе _bБ 32 |
||
| 245 | 1 | 0 |
_aБез небе _bЛатиноамер. разкази _cпрев. от исп. Жак Битев; прев. от исп. Христо Иванов Черняев. |
| 257 | _aSB | ||
| 260 |
_аСофия _bПрофиздат _c1964 |
||
| 300 |
_a80 с. _bс ил. _c18 см |
||
| 380 | _aX | ||
| 490 | 1 |
_aБиблиотека за работника _v12 |
|
| 500 | _a10 016 тир. | ||
| 852 | _aЦб І 7242 | ||
| 856 | 4 |
_qpdf _u |
|
| 856 | 4 |
_qpdf _u |
|
| 942 |
_cKNG _n0 |
||
| 944 |
_aCR _c30.05.2012 _lХристина Везирева _k30535 |
||
| 944 |
_aED _c30.05.2012 _l30.05.2012 - от С1,Р / 30.05.2012 _k |
||
| 999 |
_c125312 _d125312 |
||